000
00343 a2200157 4500
001
172031
020
_a
040
_c
Magnum
100
_a
Mota, Carlos Guilherme
240
1
0
_a
Tiradentes e a inconfidencia
_l
por
245
1
0
_a
Tiradentes e a inconfidencia
362
0
_a
1899
440
1
_a
Ática
697
_a
PARADIDATICO
942
_c
BK
999
_c
172031
_d
172031